000 00876nas a2200289 4500
001 BR2010005627
003 BR-BrBNA
005 20231205114826.0
007 ta
008 230509b bl.|||p| |||| 00| 00por d
040 _aBR-BrBNA
_bpor
_cBiblioteca Nacional de Agricultura
041 _a(Pt)
072 _aQ04; E70
100 1 _aFelinto, V.T.
100 1 _aAlmeida, R.C. de
100 1 _aZandonadi, R.P.
245 1 _aLegislação, análise da rotulagem de chocolates quanto à presença de glúten
650 _aCHOCOLATE
650 _aALIMENTO PREPARADO
650 _aDIETA
650 _aCOMPOSIÇÃO DE ALIMENTO
650 _aROTULAGEM
650 _aDISTRITO FEDERAL
773 0 _tHigiene Alimentar (Brazil)
_xISSN 0101-9171
_g(Jul-Aug 2010), v. 24(186/187) p. 182-186
_wBR2010005627
909 _a202311
_bLúcia
_c55
_dLúcia Elande
942 _2AGRIS
_n0
_cANA
999 _c210692
_d210692